Letter Pair: MR Quiz Stats

Quiz Updated Mar 30, 2012

Also try: Letter Pair: BC
Challenge
Share
Tweet
Embed
Score 0/14 Timer 03:00
4 Plays Today
Hint Answer % Correct
The largest flowing body of water in North AmericaMississippi River
93.4%
National Memorial near Keystone, South DakotaMount Rushmore
83.5%
The Sally in When 'Harry Met Sally'Meg Ryan
72.1%
Star from 'The Wrestler' and 'Iron Man 2'Mickey Rourke
64.4%
Former teenage star of 'Sixteen Candles' and 'The Breakfast Club'Molly Ringwald
62.6%
He played Kramer on 'Seinfeld'Michael Richards
48.4%
Long time closer for the New York YankeesMariano Rivera
46.7%
Hint Answer % Correct
2001 romantic musical film directed by Baz LuhrmannMoulin Rouge!
43.4%
2002 science fiction thriller from Steven Spielberg starring Tom CruiseMinority Report
42.2%
Dennis Lehane novel and later a Clint Eastwood directed film starring Sean PennMystic River
40.6%
Johnny Mercer and Henry Mancini Academy Award winning song from 'Breakfast at Tiffany's'Moon River
26.2%
Slate, schist, or gneiss, for exampleMetamorphic Rock
26%
Burrowing rodent native to parts of East AfricaMole Rat
22.9%
Also known as a devilfish, this is the largest species of BatoideaManta Ray
22.5%

You're not logged in!

Compare scores with friends on all Sporcle quizzes.
Sign Up with Email
OR
Log In

You Might Also Like...

Show Comments

Extras

Top Quizzes Today


Score Distribution

Your Account Isn't Verified!

In order to create a playlist on Sporcle, you need to verify the email address you used during registration. Go to your Sporcle Settings to finish the process.